000 00342nam a22001217a 4500
003 OSt
008 250127b |||||||| |||| 00| 0 eng d
041 _aeng
100 _aISI
_97009
245 _aSpecification for Times for Tractor Operated Cultivations Part1 Rigid Times IS:7565
260 _bIndian Standard Institutions,
_c1973.
942 _cBK
999 _c19139
_d19139